Loreto College Library, Kolkata
WEBOPAC (ONLINE PUBLIC ACCESS CATALOGUE)

Naari Vivah Aur Sadachar (Record no. 18007)

MARC details
000 -LEADER
fixed length control field 00607nam a2200193Ia 4500
008 - FIXED-LENGTH DATA ELEMENTS--GENERAL INFORMATION
fixed length control field 131103s9999 xx 000 0 und d
020 ## - ISBN | অাই এস বি এন
PRICE Rs.7
040 ## - CATALOGING SOURCE
Original cataloging agency Loreto College
041 ## - LANGUAGE CODE
Language code English
082 ## - DDC | ডিউই
Classification number | বর্গসংখ্যা 891.43/PRA
Book Number | গ্রন্থাঙ্ক LCLIB/15080
100 ## - MAIN ENTRY--PERSONAL NAME | মুখ্য সংলেখ - ব্যাক্তিনাম
Personal name | ব্যাক্তিনাম Pravin,Sahid
245 ## - TITLE STATEMENT | অাখ্যা বিবরণী
Title | অাখ্যা Naari Vivah Aur Sadachar
Sub title | উপঅাখ্যা Nar - Nari Ka Sakh,Vivha Tatha Nautik Sambodh ka Ek Krantikari Vivachan
Statement of responsibility | লেখকের দায়িত্বের বিবরণ Sahid Pravin
260 ## - IMPRINT | প্রকাশনা ক্ষেত্র
Place of publication | প্রকাশ স্থান [s.n.]
Name of publisher | প্রকাশকের নাম Sahitya Prakashan
Date of publication | প্রকাশ কাল 1960
300 ## - PHYSICAL DESCRIPTION |
Page / Vol. No | পৃষ্ঠা / খন্ড সংখ্যা 228 p.
504 ## - BIBLIOGRAPHY, ETC. NOTE
Bibliography, etc Inccludes bibliographical references
650 ## - SUBJECT ADDED ENTRY--TOPICAL TERM | বিষয় শিরোনাম - মূল বিষয়
Topical term | মূল বিষয় Hindi Litterature - Indian Women
850 ## - HOLDING INSTITUTION
Holding institution LCLIB
942 ## - ADDED ENTRY ELEMENTS (KOHA)
Koha item type Books
Holdings
Withdrawn status Lost status Damaged status Not for loan Home library Current library Date acquired Total Checkouts Full call number Accession No. Date last seen Price effective from Koha item type
        Loreto College Loreto College 04/11/2013   891.43/PRA LCLIB/15080 B18491 04/11/2013 04/11/2013 Books